STUDY GUIDE FOR THE HUMAN BODY IN HEALTH AND ILLNESS (Record no. 193226)

MARC details
000 -LEADER
fixed length control field 00486nam a2200181Ia 4500
003 - CONTROL NUMBER IDENTIFIER
control field OSt
005 - DATE AND TIME OF LATEST TRANSACTION
control field 20260212160910.0
020 ## - INTERNATIONAL STANDARD BOOK NUMBER
International Standard Book Number 978-1-4160-2884-0
040 ## - CATALOGING SOURCE
Transcribing agency LC
050 ## - LIBRARY OF CONGRESS CALL NUMBER
Classification number QP 34.5 .H 47 2007
100 ## - MAIN ENTRY--PERSONAL NAME
Personal name HERLIHY,BARBARA
245 #0 - TITLE STATEMENT
Title STUDY GUIDE FOR THE HUMAN BODY IN HEALTH AND ILLNESS
250 ## - EDITION STATEMENT
Edition statement 3
260 ## - PUBLICATION, DISTRIBUTION, ETC.
Place of publication, distribution, etc. ST. LOIUS MISSOURI,
Name of publisher, distributor, etc. SAUNDERS ELSEVIER,
Date of publication, distribution, etc. 2007,
300 ## - PHYSICAL DESCRIPTION
Extent iX, 286 P, ILL
650 ## - SUBJECT ADDED ENTRY--TOPICAL TERM
Topical term or geographic name entry element Human physiology, Physiology-Pathological
942 ## - ADDED ENTRY ELEMENTS (KOHA)
Koha item type Long Loan Book
Source of classification or shelving scheme Library of Congress Classification
Holdings
Withdrawn status Lost status Source of classification or shelving scheme Damaged status Not for loan Collection Home library Current library Shelving location Date acquired Inventory number Total checkouts Full call number Barcode Date last seen Copy number Price effective from Koha item type
    Library of Congress Classification     Medicine Kisii University Library Kisii University Library On Display 10/24/2023 34274   QP 34.5 .H47 2007 043876 10/24/2023 C.1 10/24/2023 Long Loan Book